Etudes sur la scolarité obligatoire /

Guardado en:
Autor Corporativo: Unesco
Formato: Libro
Idioma:French
Publicado: Paris : Unesco, 1954.
Etiquetas: Agregar Etiqueta
Sin Etiquetas, Sea el primero en etiquetar este registro!
LEADER 00409nam a22001455a 4500
001 EUN.um023813
003 AR-BaUNS
005 20050623122902.0
008 041125s1954####fr############000#0#fre#d
245 1 0 |a Etudes sur la scolarité obligatoire /  |c Unesco. 
260 |a Paris :  |b Unesco,  |c 1954. 
300 |a 163 p. 
082 0 4 |a 379.23 
110 2 |a Unesco  |c Paris. 
859 |a Ar-BaUNS  |b BIB. CENTRAL - Sector C  |h 379.23  |i Un3-3  |p D97/965